LIBRARY & INFORMATION CENTRE, KCAET, TAVANUR

ONLINE PUBLIC ACCESS CATALOGUE (OPAC)

Heat and water transfer in base top soil and the lower atmosphere / (Record no. 3336)

MARC details
000 -LEADER
fixed length control field 00423cam a2200157ua 4500
041 ## - LANGUAGE CODE
Language code of text/sound track or separate title eng
082 ## - DEWEY DECIMAL CLASSIFICATION NUMBER
Classification number 631.43
Item number BER/HE
100 ## - MAIN ENTRY--AUTHOR NAME
Personal name Berge, H F M Ten .
245 ## - TITLE STATEMENT
Title Heat and water transfer in base top soil and the lower atmosphere /
250 ## - EDITION STATEMENT
Edition statement 1 /
260 ## - PUBLICATION, DISTRIBUTION, ETC. (IMPRINT)
Place of publication Wageningen :
Name of publisher Pudoc ,
Year of publication 1990.
300 ## - PHYSICAL DESCRIPTION
Number of Pages 205 ; .
942 ## - ADDED ENTRY ELEMENTS (KOHA)
Koha item type Books
Holdings
Withdrawn status Lost status Damaged status Home library Current library Date acquired Full call number Accession Number Koha item type
      KAUAET KAUAET 07/04/2012 631.43 18437 Books
free website counter